Formula One World Champions If Previous Champions Were Banned - Statistics

General Stats
  • This quiz has been taken 30 times
  • The average score is 56 of 76
Answer Stats
Year Real Champion Nation New Champions % Correct
1983 Nelson Piquet France Alain Prost
95%
1987 Nelson Piquet Brazil Ayrton Senna
95%
1993 Alain Prost Great Britain Damon Hill
95%
2005 Fernando Alonso Spain Fernando Alonso
95%
1979 Jody Scheckter Canada Gilles Villeneuve
95%
1962 Graham Hill Great Britain Graham Hill
95%
1996 Damon Hill Canada Jacques Villeneuve
95%
1951 Juan Manuel Fangio Argentina Juan Manuel Fangio
95%
1982 Keke Rosberg Finland Keke Rosberg
95%
2023 Max Verstappen Great Britain Lando Norris
95%
2007 Kimi Räikkönen Great Britain Lewis Hamilton
95%
2018 Lewis Hamilton Netherlands Max Verstappen
95%
1992 Nigel Mansell Germany Michael Schumacher
95%
1994 Michael Schumacher Finland Mika Häkkinen
95%
2011 Sebastian Vettel Germany Nico Rosberg
95%
2001 Michael Schumacher Germany Ralf Schumacher
95%
2009 Jenson Button Germany Sebastian Vettel
95%
2014 Lewis Hamilton Finland Valtteri Bottas
95%
2019 Lewis Hamilton Monaco Charles Leclerc
89%
2016 Nico Rosberg Australia Daniel Ricciardo
89%
2008 Lewis Hamilton Brazil Felipe Massa
89%
2003 Michael Schumacher Finland Kimi Räikkönen
89%
2010 Sebastian Vettel Australia Mark Webber
89%
1986 Alain Prost Brazil Nelson Piquet
89%
2024 Max Verstappen Australia Oscar Piastri
89%
2000 Michael Schumacher Brazil Rubens Barrichello
89%
1952 Alberto Ascari Italy Alberto Ascari
84%
2020 Lewis Hamilton Thailand Alex Albon
84%
2025 Lando Norris Italy Andrea Kimi Antonelli
84%
2021 Max Verstappen Spain Carlos Sainz
84%
2022 Max Verstappen Great Britain George Russell
84%
1950 Giuseppe Farina Italy Giuseppe Farina
84%
2004 Michael Schumacher Great Britain Jenson Button
84%
2002 Michael Schumacher Colombia Juan Pablo Montoya
84%
1978 Mario Andretti United States Mario Andretti
84%
1975 Niki Lauda Austria Niki Lauda
84%
2017 Lewis Hamilton Mexico Sergio Pérez
84%
1980 Alan Jones Australia Alan Jones
79%
2015 Lewis Hamilton Russia Daniil Kvyat
79%
1959 Jack Brabham Australia Jack Brabham
79%
1965 Jim Clark Great Britain Jackie Stewart
79%
1990 Ayrton Senna Great Britain Nigel Mansell
79%
1998 Mika Häkkinen Great Britain David Coulthard
74%
1972 Emerson Fittipaldi Brazil Emerson Fittipaldi
74%
1976 James Hunt Great Britain James Hunt
74%
1963 Jim Clark Great Britain Jim Clark
74%
1953 Alberto Ascari Great Britain Mike Hawthorn
74%
2012 Sebastian Vettel Germany Nico Hülkenberg
74%
1967 Denny Hulme New Zealand Denny Hulme
68%
2006 Fernando Alonso Italy Giancarlo Fisichella
68%
1966 Jack Brabham Austria Jochen Rindt
68%
1964 John Surtees Great Britain John Surtees
68%
2013 Sebastian Vettel France Romain Grosjean
68%
1955 Juan Manuel Fangio Great Britain Stirling Moss
68%
1977 Niki Lauda Argentina Carlos Reutemann
63%
1988 Ayrton Senna Austria Gerhard Berger
63%
1968 Graham Hill Belgium Jacky Ickx
63%
1974 Emerson Fittipaldi South Africa Jody Scheckter
63%
1991 Ayrton Senna France Jean Alesi
58%
1989 Alain Prost Italy Riccardo Patrese
58%
1971 Jackie Stewart Sweden Ronnie Peterson
58%
1960 Jack Brabham New Zealand Bruce McLaren
53%
1999 Mika Häkkinen Great Britain Eddie Irvine
53%
1954 Juan Manuel Fangio Argentina José Froilán González
53%
1970 Jochen Rindt Switzerland Clay Regazzoni
47%
1997 Jacques Villeneuve Germany Heinz-Harald Frentzen
47%
1981 Nelson Piquet France Jacques Laffite
42%
1995 Michael Schumacher Great Britain Johnny Herbert
42%
1984 Niki Lauda Italy Elio de Angelis
37%
1985 Alain Prost Italy Michele Alboreto
37%
1973 Jackie Stewart France François Cevert
32%
1961 Phil Hill West Germany Wolfgang von Trips
32%
1969 Jackie Stewart France Jean-Pierre Beltoise
26%
1956 Juan Manuel Fangio Great Britain Peter Collins
26%
1957 Juan Manuel Fangio Italy Luigi Musso
21%
1958 Mike Hawthorn United States Harry Schell
5%
No matching quizzes found
Score Distribution
Percent of People with Each Score
Percentile by Number Answered
Your Score History
You have not taken this quiz